[Event "Kiel op-A 29th"]
[Site "Kiel"]
[Date "2016.07.30"]
[Round "1"]
[White "Sass, Patrick"]
[Black "Petri, Alexander"]
[Result "0-1"]
[WhiteElo "1841"]
[BlackElo "2139"]
[PlyCount "90"]
[EventDate "2016.07.30"]
[EventType "swiss"]
[EventRounds "9"]
[EventCountry "GER"]
[SourceTitle "CBM 173 Extra"]
[Source "ChessBase"]
[SourceDate "2016.08.29"]
[SourceVersion "1"]
[SourceVersionDate "2016.08.29"]
[SourceQuality "1"]

1. f4 d5 2. b3 Nf6 3. Nf3 g6 4. Bb2 Bg7 5. e3 0-0 6. Be2 c5 7. 0-0 Nc6 8. d3 d4 9. exd4 Nd5 10. Qd2 cxd4 11. c3 Ne3 12. Re1 Qb6 13. cxd4 Nxd4 14. Nxd4 Bxd4 15. Kh1 Be6 16. Nc3 Nf5 17. Bf3 Be3 18. Rxe3 Qxe3 19. Qxe3 Nxe3 20. Bxb7 Rad8 21. Re1 Ng4 22. Ne4 Rxd3 23. h3 Ne3 24. Ba6 Rd1 25. Rxd1 Nxd1 26. Ba3 Bd5 27. Ng5 Ne3 28. Nf3 Bxf3 29. gxf3 Nf5 30. Bc5 Rd8 31. a4 Kf8 32. b4 Rd7 33. a5 Rc7 34. Bf2 Nd6 35. Bd4 Nf5 36. Be5 Rc1+ 37. Kg2 Rb1 38. Bb8 Rb2+ 39. Kf1 Rxb4 40. Bxa7 Ra4 41. Bb6 Nd6 42. Bc7 Nc4 43. Bb5 Ra1+ 44. Ke2 Nxa5 45. Kd2 Nb7 0-1

[Event "Kiel op 28th"]
[Site "Kiel"]
[Date "2015.07.26"]
[Round "3"]
[White "Koop, Soeren"]
[Black "Sass, Patrick"]
[Result "1-0"]
[WhiteElo "2070"]
[BlackElo "1878"]
[PlyCount "83"]
[EventDate "2015.07.25"]
[EventType "swiss"]
[EventRounds "9"]
[EventCountry "GER"]
[SourceTitle "CBM 167 Extra"]
[Source "ChessBase"]
[SourceDate "2015.09.14"]
[SourceVersion "1"]
[SourceVersionDate "2015.09.14"]
[SourceQuality "1"]

1. e4 e5 2. Nf3 Nc6 3. d4 exd4 4. Nxd4 Nf6 5. Nxc6 bxc6 6. Bd3 Be7 7. e5 Nd5 8. c4 Bb4+ 9. Bd2 Bxd2+ 10. Qxd2 Nb6 11. 0-0 0-0 12. Nc3 d5 13. exd6 cxd6 14. Qf4 Be6 15. b3 d5 16. Rad1 Qc8 17. cxd5 cxd5 18. Nb5 Qd7 19. Rc1 Rac8 20. Nd6 Rxc1 21. Rxc1 Rd8 22. Nf5 Rc8 23. Rxc8+ Nxc8 24. Nd4 Qd6 25. Qxd6 Nxd6 26. Kf1 g6 27. Ke2 Bd7 28. Ke3 f6 29. Nc2 Kf7 30. Kd4 Ke6 31. Nb4 Nb5+ 32. Bxb5 Bxb5 33. Nxd5 Bc6 34. Ne3 f5 35. f4 Be4 36. Kc5 Kd7 37. g3 Bb1 38. a4 Be4 39. b4 h6 40. h4 h5 41. Nc4 Kc7 42. Ne5 1-0

[Event "Bad Schwartau op 1st"]
[Site "Bad Schwartau"]
[Date "2014.12.30"]
[Round "7"]
[White "Wecke, Thoralf"]
[Black "Sass, Patrick"]
[Result "1/2-1/2"]
[WhiteElo "1972"]
[BlackElo "1786"]
[PlyCount "55"]
[EventDate "2014.12.27"]
[EventType "swiss"]
[EventRounds "7"]
[EventCountry "GER"]
[SourceTitle "CBM 164 Extra"]
[Source "ChessBase"]
[SourceDate "2015.03.02"]
[SourceVersion "1"]
[SourceVersionDate "2015.03.02"]
[SourceQuality "1"]

1. d4 Nf6 2. Bg5 e6 3. Nd2 Be7 4. e3 b6 5. f4 Bb7 6. Bxf6 Bxf6 7. Ngf3 d6 8. Bd3 c5 9. c3 Nd7 10. Qe2 Qc7 11. Be4 Bxe4 12. Nxe4 d5 13. Nxf6+ Nxf6 14. 0-0 0-0 15. Ne5 c4 16. Rf3 Ne4 17. Rh3 g6 18. Ng4 f5 19. Ne5 b5 20. Qe1 Qe7 21. Rh4 Rfc8 22. a3 a5 23. g3 b4 24. axb4 axb4 25. Rxa8 Rxa8 26. Nc6 Qb7 27. Nxb4 Qa7 28. Nc2 1/2-1/2

[Event "Schleswig Holstein-ch U16"]
[Site "Neumuenster"]
[Date "2014.04.24"]
[Round "5"]
[White "Sass, Patrick"]
[Black "Janke, Hendrik"]
[Result "1/2-1/2"]
[WhiteElo "1630"]
[BlackElo "1701"]
[PlyCount "43"]
[EventDate "2014.04.??"]
[EventType "swiss"]
[EventRounds "9"]
[EventCountry "GER"]
[SourceTitle "EXT 2022"]
[Source "ChessBase"]
[SourceDate "2021.10.06"]
[SourceVersion "1"]
[SourceVersionDate "2021.10.06"]
[SourceQuality "1"]

1. Nf3 d5 2. b3 Nf6 3. Bb2 g6 4. e3 Bg7 5. Be2 b6 6. 0-0 Bb7 7. c4 e6 8. cxd5 exd5 9. Bb5+ c6 10. Be2 0-0 11. d4 Nbd7 12. Nbd2 Ne4 13. Qc2 c5 14. dxc5 Ndxc5 15. Bxg7 Kxg7 16. b4 Nxd2 17. Qxd2 Ne4 18. Qb2+ Qf6 19. Qxf6+ Kxf6 20. Bd3 Rac8 21. Rfc1 Rc3 22. Bxe4 1/2-1/2

[Event "GER-chT North U16"]
[Site "Greifswald"]
[Date "2013.09.12"]
[Round "2.3"]
[White "Sass, Patrick"]
[Black "Ngo, Minh Duc"]
[Result "1/2-1/2"]
[WhiteElo "1598"]
[BlackElo "1924"]
[PlyCount "79"]
[EventDate "2013.09.12"]
[EventType "team-swiss"]
[EventRounds "7"]
[EventCountry "GER"]
[SourceTitle "EXT 2014"]
[Source "ChessBase"]
[SourceDate "2013.11.20"]
[SourceVersion "1"]
[SourceVersionDate "2013.11.20"]
[SourceQuality "1"]
[WhiteTeam "Bad Schwartau"]
[BlackTeam "Wildeshausen"]
[WhiteTeamCountry "GER"]
[BlackTeamCountry "GER"]

1. Nf3 g6 2. e3 Bg7 3. Be2 d5 4. d3 e5 5. 0-0 Ne7 6. c4 0-0 7. e4 dxe4 8. dxe4 Nbc6 9. Be3 Be6 10. Nc3 Nd4 11. Nd5 Nxf3+ 12. Bxf3 c6 13. Nxe7+ Qxe7 14. Qc2 f5 15. Rad1 f4 16. Bc1 g5 17. Qe2 Rad8 18. Bg4 Qf7 19. Bxe6 Qxe6 20. b3 Rfe8 21. Ba3 b6 22. Rd3 Rxd3 23. Qxd3 Bf6 24. Rd1 Rd8 25. Qc2 Rd4 26. Bb2 Rxd1+ 27. Qxd1 Be7 28. h3 h6 29. Kf1 Kh7 30. Qg4 Qxg4 31. hxg4 Bd6 32. Ke2 Kg6 33. Kd3 h5 34. f3 hxg4 35. fxg4 Kf6 36. a4 Ke6 37. Bc3 Bc5 38. a5 b5 39. cxb5 cxb5 40. b4 1/2-1/2